<?xml version="1.0" encoding="UTF-8"?>
<record
    xmlns:xsi="http://www.w3.org/2001/XMLSchema-instance"
    xsi:schemaLocation="http://www.loc.gov/MARC21/slim http://www.loc.gov/standards/marcxml/schema/MARC21slim.xsd"
    xmlns="http://www.loc.gov/MARC21/slim">

  <leader>02800    a2200385   4500</leader>
  <datafield tag="240" ind1=" " ind2=" ">
    <subfield code="a">Pauvret&#xE9; : &#xE9;tude comparative des strat&#xE9;gies paysannes de survie et de recherche d'un mieux-&#xEA;tre : cas des villages de Liss&#xE8;gazoun et de Sey-Avissa dans le D&#xE9;partement de l'Atlantique.</subfield>
  </datafield>
  <datafield tag="260" ind1=" " ind2=" ">
    <subfield code="a">Abomey-Calavi</subfield>
  </datafield>
  <datafield tag="100" ind1=" " ind2=" ">
    <subfield code="a">GBAYI, Pascal Kossi</subfield>
  </datafield>
  <datafield tag="041" ind1=" " ind2=" ">
    <subfield code="b">En</subfield>
  </datafield>
  <datafield tag="260" ind1=" " ind2=" ">
    <subfield code="b">FSA/UAC</subfield>
  </datafield>
  <datafield tag="300" ind1=" " ind2=" ">
    <subfield code="a">XVII-146 p.</subfield>
  </datafield>
  <datafield tag="650" ind1=" " ind2=" ">
    <subfield code="a">PAUVRETE</subfield>
  </datafield>
  <datafield tag="650" ind1=" " ind2=" ">
    <subfield code="a">MENAGE</subfield>
  </datafield>
  <datafield tag="650" ind1=" " ind2=" ">
    <subfield code="a">ZONE RURALE</subfield>
  </datafield>
  <datafield tag="650" ind1=" " ind2=" ">
    <subfield code="a">DEVELOPPEMENT ECONOMIQUE ET SOCIAL</subfield>
  </datafield>
  <datafield tag="650" ind1=" " ind2=" ">
    <subfield code="a">ORGANISATION PAYSANNE</subfield>
  </datafield>
  <datafield tag="260" ind1=" " ind2=" ">
    <subfield code="c">D&#xE9;cembre 2002</subfield>
  </datafield>
  <datafield tag="130" ind1=" " ind2=" ">
    <subfield code="l">Fr</subfield>
  </datafield>
  <datafield tag="040" ind1=" " ind2=" ">
    <subfield code="a">Support  </subfield>
  </datafield>
  <datafield tag="710" ind1=" " ind2=" ">
    <subfield code="a">Abomey-Calavi, Universit&#xE9; d'Abomey-Calavi, Facult&#xE9; des Sciences Agronomiques, Bj</subfield>
  </datafield>
  <datafield tag="651" ind1=" " ind2=" ">
    <subfield code="a">LISSEGAZOUN</subfield>
  </datafield>
  <datafield tag="651" ind1=" " ind2=" ">
    <subfield code="a">SEY-AVISSA</subfield>
  </datafield>
  <datafield tag="041" ind1=" " ind2=" ">
    <subfield code="b">Fr</subfield>
  </datafield>
  <datafield tag="041" ind1=" " ind2=" ">
    <subfield code="b">En</subfield>
  </datafield>
  <datafield tag="500" ind1=" " ind2=" ">
    <subfield code="a">Annexes</subfield>
  </datafield>
  <datafield tag="100" ind1=" " ind2=" ">
    <subfield code="u">Abomey-Calavi, Universit&#xE9; d'Abomey-Calavi, Facult&#xE9; des Sciences Agronomiques, Bj</subfield>
  </datafield>
  <datafield tag="502" ind1=" " ind2=" ">
    <subfield code="a">Th&#xE8;se pour l'obtention du Dipl&#xF4;me d'Ing&#xE9;nieur Agronome</subfield>
  </datafield>
  <datafield tag="653" ind1="1" ind2=" ">
    <subfield code="a">Economie, Socio-Anthropologie et Communication pour le D&#xE9;veloppement Rural</subfield>
  </datafield>
  <datafield tag="245" ind1=" " ind2=" ">
    <subfield code="a">Poverty : comparative study of peasant strategies for surviving and for welfare research : case of Liss&#xE8;gazoun and Sey-Avissa villages in the Atlantic Department</subfield>
  </datafield>
  <datafield tag="300" ind1=" " ind2=" ">
    <subfield code="b">29 cm</subfield>
  </datafield>
  <datafield tag="653" ind1=" " ind2="1">
    <subfield code="a">Economie, Socio-Anthropologie et Communication pour le D&#xE9;veloppement Rural</subfield>
  </datafield>
  <datafield tag="651" ind1=" " ind2=" ">
    <subfield code="a">BENIN</subfield>
  </datafield>
  <datafield tag="520" ind1=" " ind2=" ">
    <subfield code="a">La lutte contre la pauvret&#xE9; est de loin, le param&#xE8;tre le plus d&#xE9;terminant du d&#xE9;veloppement en milieu rural.Plusieurs programmes de lutte contre la pauvret&#xE9; ont &#xE9;t&#xE9; mis en oeuvre dans les campagnes. Le faible impact de ces programmes a entra&#xEE;n&#xE9; une remise en cause de leur d&#xE9;marche op&#xE9;rationnelle et replac&#xE9; la pauvret&#xE9; au coeur des pr&#xE9;occupations actuelles de d&#xE9;veloppement. A l'instar de Lamark qui, parlant des capacit&#xE9;s adaptatives de l'homme &#xE0; son milieu de vie, a autrefois avanc&#xE9; que "la fonction cr&#xE9;e l'organe", les paysans ont d&#xE9;velopp&#xE9; des strat&#xE9;gies de survie ou d'am&#xE9;lioration de leur bien-&#xEA;tre. Ainsi, l'&#xE9;tude comarative de ces strat&#xE9;gies paysannes de survie et celles de recherche d'un mieux-&#xEA;tre dans les villages de Liss&#xE8;gazoun et de Sey-Avissa, nous ont permis de nous rendre compte que, comparativement aux m&#xE9;nages moins pauvres , les paysans les plus pauvres r&#xE9;duisent les nombres journaliers de consommation et de pr&#xE9;paration de "repas fondamentaux". Il font des substitutions alimentaires qui consistent fondamentalement &#xE0; "d&#xE9;layer du gari" (qui autrefois &#xE9;tait un "repas de circonstance") en lieu et place de "repas fondamentaux" et &#xE9;vitent de prendre d'autres repas qu'on pourrait nommer "de plaisir". Aussi prennent-ils des quantit&#xE9;s relativement importantes de "sodabi".</subfield>
  </datafield>
  <datafield tag="999" ind1=" " ind2=" ">
    <subfield code="c">32013</subfield>
    <subfield code="d">32013</subfield>
  </datafield>
  <datafield tag="952" ind1=" " ind2=" ">
    <subfield code="0">0</subfield>
    <subfield code="1">0</subfield>
    <subfield code="4">0</subfield>
    <subfield code="7">0</subfield>
    <subfield code="a">BIDOC</subfield>
    <subfield code="b">BIDOC</subfield>
    <subfield code="d">0000-00-00</subfield>
    <subfield code="l">0</subfield>
    <subfield code="o">T.ESAC.2002.011</subfield>
    <subfield code="r">2009-02-28 00:00:00</subfield>
    <subfield code="t">02</subfield>
    <subfield code="w">2009-02-28</subfield>
    <subfield code="y">LIVR</subfield>
    <subfield code="z">A.9243</subfield>
  </datafield>
</record>
